Top 20 Most Popular Pop Songs [[Week Of August 12, 2017]] - Statistics

General Stats
  • This quiz has been taken 376 times
  • The average score is 9 of 20
Answer Stats
Number Artist Song % Correct
1 Luis Fonsi and Daddy Yankee ft Justin Beiber Despacito (Remix)
93%
13 Ed Sheeran Shape of You
78%
12 That's What I Like Bruno Mars
57%
7 Charlie Puth Attention
56%
4 Imagine Dragons Believer
55%
5 Zedd and Alessia Cara Stay
54%
10 Niall Horan Slow Hands
52%
6 DJ Khaled ft Chance the Rapper, etc. I'm the One
49%
14 Liam Payne ft Quavo Strip That Down
49%
2 Shawn Mendes There's Nothing Holdin' Me Back
46%
11 Selena Gomez and Kygo It Ain't Me
45%
8 DJ Khaled ft Rihanna and Bryson Tiller Wild Thoughts
45%
15 Calvin Harris ft Katy Perry, Pharell, and Big Sean Feels
42%
9 Ed Sheeran Castle on the Hill
41%
20 Cheat Codes ft Demi Lovato No Promises
33%
17 David Guetta ft Justin Bieber 2U
29%
3 Halsey Now or Never
23%
16 Sam Hunt Body Like a Back Road
22%
18 Childish Gambino Redbone
21%
19 Bruno Mars Versace On The Floor
17%
No matching quizzes found
Score Distribution
Percent of People with Each Score
Percentile by Number Answered
Your Score History
You have not taken this quiz